1640 1770 1859 1858 1309 1916 1280 1907 1633 1544 1389 1245 1474 1117 1425 1580 1974 1904 1850 1260 1066 1470 1700 1517 1314 1475 1110 1745 1409 1039 1295 1900 1970 1101 1566 1978 1537 1979 1825 1570 1556 1842 1766 1250 1448 1009 1910 1012 1714 1699 1475 1912 1123 1249 1385 1087 1864 1607 1516 1804 1147 1708 1723 1938 1834 1716 1311 1322 1517 1383 1390 1844 1400 1884 1308 1879 1501 1514 1306 1661 1086 1450 1004 1833 1343 1424 1687 1989 1718 1002 1559 1482 1468 1284 1447 1915 1322 1932 1136 BCNSPRNW ULIB Ver.6.0+V

เปลี่ยนเป็นภาษาไทย

Change to English
 แสดงรายละเอียดบรรณานุกรม
  กลับหน้าหลัก

Brief Record : Get Marc (ISO 2709) : E-mail record : QR code < ปิดหน้าต่าง
LEADER : 00000nam 2200000uu 4500
001    13399110286
003     ULIB
008    110427s2548||||th 000 0 tha d
020    9741334443
050  4 HF5549.5.T7^bช242 2548
100 0  ชูชัย สมิทธิไกร.
245 10 การฝึกอบรมบุคลากรในองค์การ =^bPersonnel training inorganizations /^cชูชัย สมิทธิไกร.
250    พิมพ์ครั้งที่ 4.
260    กรุงเทพฯ :^bสำนักพิมพ์แห่งจุฬาลงกรณ์มหาวิทยาลัย,^c2548.
300    361 หน้า :^bภาพประกอบ ;^c22 ซม.
505 2  การจัดการฝึกอบรมอย่างเป็นระบบ --การวิเคราะห์ความต้องการในการฝึกอบรม -- จิตวิทยาการเรียนรู้และการจูงใจสำหรับการฝึกอบรม -- การวางแผน การออกแบบ และการพัฒนาโครงการฝึกอบรม -- วิธีการฝึกอบรม -- เกณฑ์สำหรับการประเมินผลการฝึกอบรม -- วิธีการประเมินผลโครงการฝึกอบรม -- การบริหารโครงการฝึกอบรม -- การปฐมนิเทศบุคลากร -- การพัฒนาอาชีพ.
650  4 การฝึกอบรม.
650  4 การพัฒนาทรัพยากรมนุษย์.
945    ^p150^l0^i030053
995     เกษร
999 ^a ใช้งานได้ทุกระบบ
รายการนี้ยังไม่มีแท็ก
คุณยังไม่ได้ล็อกอิน คุณสามารถมีกิจกรรมร่วมกับเว็บไซต์ได้ แต่ต้องล็อกอินก่อน ::
  ล็อกอิน

รายการสื่อสารสนเทศ

ลำดับที่ ประเภท เลขเรียก/บาร์โค้ด สถานที่ สถานะ
- ไม่พบข้อมูล -

BibComment


ยังไม่เคยถูกคอมเมนท์

คอมเมนท์ทรัพยากรรายการนี้
  คอมเมนท์: การฝึกอบรมบุคลากร..


 Copyright 2026. Bcnsprnw @Library